小笠原村に最も近い市町村 - Statistics

General Stats
  • This quiz has been taken 205 times
  • The average score is 21 of 30
Answer Stats
km Answer % Correct
568 青ヶ島村
93%
810 大島町
92%
627 八丈町
91%
741 三宅村
91%
823 館山市
87%
708 御蔵島村
86%
815 下田市
86%
756 神津島村
84%
778 新島村
84%
797 利島村
84%
821 南房総市
84%
833 鴨川市
80%
839 伊東市
78%
819 南伊豆町
77%
837 勝浦市
76%
839 西伊豆町
74%
842 伊豆市
72%
832 東伊豆町
71%
846 富津市
71%
828 河津町
70%
843 鋸南町
66%
845 君津市
65%
842 いすみ市
61%
832 松崎町
60%
841 御宿町
53%
843 大多喜町
51%
845 御前崎市
48%
840 串本町
34%
844 那智勝浦町
26%
845 太地町
26%
No matching quizzes found
Score Distribution
Percent of People with Each Score
Percentile by Number Answered
Your Score History
You have not taken this quiz